| 000 | 01127nam a22003497a 4500 | ||
|---|---|---|---|
| 001 | BR7705073 | ||
| 003 | BR-BrBNA | ||
| 005 | 20230928085427.0 | ||
| 007 | ta | ||
| 008 | 230509b bl.||||| |||| 00| 0 por d | ||
| 040 |
_aBR-BrBNA _bpor _cBiblioteca Nacional de Agricultura |
||
| 041 | _a(Por) | ||
| 072 |
_aF00; F60 _b0210 _b3575 _b/G514 |
||
| 090 | _ 0210 BR7705073 | ||
| 100 | 1 | _aCardoso, M.R. de O. | |
| 110 | 1 |
_aUniversidade Federal do Ceara, Fortaleza (Brasil). Centro de Ciencias Agrarias. Depto. de Fitotecnia _0Tese (Mestre em Fitotecnia) |
|
| 245 | 1 | _aQuebra de dormencia e mobilizacao de reservas em tuberculos-semente de batata [Solanum tuberosum L.)[Ceara, Brasil] | |
| 260 | 3 |
_aFortaleza, CE (Brasil): _c1977. |
|
| 300 | _a54 p. | ||
| 500 | _aSummary (Por); 8 tables; 13 illus.; 33 ref. | ||
| 650 | _aBATATA | ||
| 650 | _aQUEBRA DA DORMENCIA | ||
| 650 | _aSEMENTE | ||
| 650 | _aDORMENCIA DA SEMENTE | ||
| 650 | _aANALISE QUIMICA | ||
| 650 | _aANALISE FISICA | ||
| 650 | _aACIDO GIBERELICO | ||
| 650 | _aVARIEDADE | ||
| 650 | _aCEARA | ||
| 909 |
_a202309 _bLucia _c55 _dLucia Elande |
||
| 942 | _cBK | ||
| 999 |
_c24377 _d24377 |
||